Sistem pangkalan data

Bibliographic Details
Other Authors: Halina Mohamed Dahlan
Format: Book
Language:English
Published: Johor Bahru Penerbit UTM Press 2011
Subjects:
LEADER 00749cam a2200217 a 4500
001 0000128182
005 20111027090000.0
040 |a mod 
041 |a eng 
020 0 0 |a 9789835207785 
090 0 0 |a 005.74  |b SIS  |e 2011 
245 0 0 |a Sistem pangkalan data  |c Halina Mohamed Dahlan ...[et al.] 
260 0 0 |a Johor Bahru  |b Penerbit UTM Press  |c 2011 
300 |a ix, 194 p.  |b ill.  |c 24 cm 
504 0 0 |a Includes bibliographical references and index 
650 0 0 |a Database management 
700 1 0 |a Halina Mohamed Dahlan 
852 0 0 |a 01 
999 |a 0288181  |b PUTD  |d BOOKS  |e Umum  |f PUTD  |j AVAILABLE  |q GOOD CONDITION 
999 |a 0288847  |b TUDM KUANTAN  |d BOOKS  |e Umum  |f TUDM Kuantan  |j AVAILABLE  |q GOOD CONDITION 
999 |a 0289442  |b IKEM   |d BOOKS  |e Umum  |f IKEM  |j AVAILABLE  |q GOOD CONDITION